000 00542nam a2200157Ia 4500
008 140609s9999 xx 000 0 und d
020 _a9789719451303
050 _aJF 2112.C3
_b.C82 2009
100 _aCoscolluela, Celeste Flores.
245 _aIndie:
_bdefying the odds, redefining politics : a campaign narrative / 
_cCeleste Flores Coscolluela
260 _a[Pasig City, Philippines] :
_bKilos Ko Foundation Foundation, Inc.,
_cc2009.
300 _a85 p. :
_bill. ;
_c21 cm.
521 _aGE
942 _kLOC
_cBK
999 _c118232
_d118232